Il Liceo Convitto Marco Foscarini, Canottieri e Remiere, La Camera del Lavoro

Saved in:
Bibliografiske detaljer
Main Authors: Isnenghi, Mario (Author), Paladini, Filippo Maria (Author), Sbordone, Giovanni (Author)
Format: Bog
Sprog:italiensk
Udgivet: Padua Il Poligrafo 2005
Serier:Novecento a Venezia Le Memorie, Le Storie
Fag:
Tags: Tilføj Tag
Ingen Tags, Vær først til at tagge denne postø!

MARC

LEADER 00000nam a2200000 a 4500
001 UCH9198
003 CL-VaPUC
008 091224e20050900IT |||||||||||||||||ita|d
020 |a 887115374X 
082 0 4 |a 797.123  |b ISN  |2 21 
100 0 |a Isnenghi, Mario  |e author  |9 546163 
700 0 |a Paladini, Filippo Maria  |e author  |9 546164 
700 0 |a Sbordone, Giovanni  |e author  |9 546165 
245 1 3 |a Il Liceo Convitto Marco Foscarini, Canottieri e Remiere, La Camera del Lavoro 
300 |a 111 p 
942 |c BK 
945 |d 20091224 00:00:00  |a cmena 
260 |a Padua  |b Il Poligrafo  |c 2005 
600 0 7 |a LICEO CONVITTO MARCO FOSCARINI  |2 CL-VaPUC  |9 546166 
600 0 7 |a CANOTTIERI E REMIERE  |2 CL-VaPUC  |9 546167 
600 0 7 |a CAMERA DEL LAVORO  |2 CL-VaPUC  |9 546168 
650 7 |a REMO  |2 CL-VaPUC  |9 537214 
650 7 |a DEPORTES ACUATICOS  |2 CL-VaPUC  |9 262007 
650 7 |a CLUBES DE REMO  |2 CL-VaPUC  |9 546169 
650 7 |a HISTORIA DEL DEPORTE  |2 CL-VaPUC  |9 459805 
583 |a last modification  |c 20091224 00:00:00  |k Rodrigo Vera 
490 0 |a Novecento a Venezia Le Memorie, Le Storie 
999 |c 339259  |d 339257 
952 |0 0  |1 0  |4 0  |6 797_123000000000000_ISN_2005  |7 0  |8 C  |9 432790  |a BIBCUR  |b BIBCUR  |d 2019-11-22  |i 4622316  |o 797.123 ISN 2005  |p 4622316  |r 2025-04-22  |w 2019-11-22  |y BK  |k DEN